| 000 | 02977cam a22004814i 4500 | ||
|---|---|---|---|
| 003 | PE-LiUPU | ||
| 005 | 20250731173052.0 | ||
| 008 | 180305s2018 ne r 001 0 eng d | ||
| 020 | _a9789004348875 | ||
| 035 | _a(Sirsi) a241412 | ||
| 040 |
_aPE-LiUPU _bspa _cPE-LiUPU _erda |
||
| 049 | _aPRUA | ||
| 082 | 0 | 4 |
_a284.1092 _bK23 _223 |
| 100 | 1 |
_aKarant-Nunn, Susan C., _eautor. |
|
| 245 | 1 | 4 |
_aThe personal Luther : _bessays on the reformer from a cultural historical perspective / _cby Susan C. Karant-Nunn. |
| 264 | 1 |
_aLeiden : _bBrill, _c2018. |
|
| 300 |
_axiv, 229 páginas ; _c25 centímetros. |
||
| 336 |
_atext _2rdacontent |
||
| 337 |
_aunmediated _2rdamedia |
||
| 338 |
_avolume _2rdacarrier |
||
| 490 | 1 |
_aSt. Andrews studies in Reformation history, _x2468-4317 |
|
| 504 | _aÍndices : páginas 221-229. | ||
| 505 | 0 | _aLuther's ego-documents: cultural history and the reconstruction of the historical self -- Luther's conscience: a template for the modern west? -- Luther's friendship with Frederick the Wise -- Luther's relational God, finding a loving heavenly Father -- Fleshly work, the sex act as Christian liberty -- The masculinity of Martin Luther, theory, practicality, and humor -- The tenderness of daughters, the waywardness of sons. Martin Luther as a father -- Martin Luther's heart -- Martin Luther's perfect death -- The imprint of personality upon the Reformation. | |
| 520 | _aOverwhelmingly, Martin Luther has been treated as the generator of ideas concerning the relationship between God and humankind. deliberately departs from that church-historiographic tradition. Luther was a voluble and irrepressible divine. Even though he had multiple ancillary interests, such as singing, playing the lute, appreciating the complexities of nature, and observing his children, his preoccupation was, as he quickly saw it, bringing the Word of God to the people. This book, a collection of previously published essays, is not about Luther?s theology except insofar as any ideational construct is itself an expression of the thinker who frames it. Luther frequently couched his affective utterances within a theological framework. Nor is it a biography; it does not portray a whole life. Rather, it concentrates on several heretofore neglected aspects of the Reformer?s existence and personality. | ||
| 526 | _aSEG42 | ||
| 526 | _aSEG41 | ||
| 526 | _aSEG40 | ||
| 526 | _aSEG39 | ||
| 526 | _aP94 | ||
| 526 | _aP87 | ||
| 526 | _aP86 | ||
| 526 | _aP85 | ||
| 526 | _aP77 | ||
| 526 | _aP76 | ||
| 526 | _aP35 | ||
| 653 | _aLuther, Martin 1483-1546. | ||
| 910 |
_adbm _bjpc _cjpc _d20180305 |
||
| 942 |
_2ddc _cBOOK |
||
| 994 |
_aC0 _bPEPRU |
||
| 596 | _a1 | ||
| 999 |
_a284.1092 K23 _wDEWEY _c27051 _i77034 _d27051 _e2018-10-4 _f2021-11-11 _g4 _lCCODEBUL1 _mBUL _n2 _p108.00 _q5 _r0 _sY _tBOOK _u2018-3-5 _xTEOLOGIA _PP35 _0DONACION _o.STAFF. Colección Teología |
||
| 980 |
_81 _gALBERTO SANCHEZ Responsable de Automatización |
||